000 00894nam a22002297a 4500
005 20251211090937.0
008 251211b ||||| |||| 00| 0 spa d
020 _a9788411475488
040 _aCO-BoUCM
_cDavid Moreno
_dDavid Moreno
041 _aspa
100 1 _aValencia-Tello, Diana Carolina
_986459
245 1 3 _aLa buena administración en el control a la gestión del estado
_banálisis y desafíos del caso colombiano
_cDiana Carolina Valencia Tello
250 _a1a.Ed
260 _aBogotá, Colombia
_bTirant lo blach
_c2023
300 _a242 paginas
490 _aColección Administrativa práctica colombiana
650 1 4 _aDerecho administrativo
_zColombia
_931733
650 1 4 _aFinanzas publicas
_xDerecho y legislacion
_9187586
650 1 4 _aControl interno
_zColombia
_9187587
942 _2DEWEY
_a8
_cLIBRO
_e1
_h342.066
_mV152b
_n0
999 _c325972
_d325972